| 000 | 00956nam a22002417a 4500 | ||
|---|---|---|---|
| 999 |
_c58883 _d58883 |
||
| 005 | 20221107121949.0 | ||
| 008 | 221013s2020ge xxu||||| |||| 00| 0 ger d | ||
| 020 | _a 9783126071635x | ||
| 041 | _ager | ||
| 080 | _a811.112.2'373 N-46 | ||
| 245 |
_aNetzwerk neu : _bA2.2 : Kurs- und Ubungsbuch mit Audios und Videos / _cStefanie Dengler, Paul Rusch, Helen Schmitz,Tanja Sieber. |
||
| 264 |
_a Stuttgart : _bErnst Klett Sprachen Klett Sprachen, _c2020. |
||
| 300 |
_a176 p.: _bIllustrationen ; _c29 cm. |
||
| 440 |
_a Deutsch als Fremdsprache _915307 |
||
| 653 | _a Netzwerk neu A2.2 : Kurs- und Übungsbuch mit Audios und Videos | ||
| 653 | _aგერმანული ენა | ||
| 653 | _a სავარჯიშო წიგნი | ||
| 700 |
_a Dengler, Stefanie _eAuthor _915308 |
||
| 700 |
_aRusch, , Paul _eAuthor _915285 |
||
| 700 |
_a Schmitz, Helen _eAuthor _915309 |
||
| 700 |
_a Sieber, Tanja _eAuthor _915310 |
||
| 942 |
_2udc _cBK |
||